000 00258nam a2200109Ia 4500
008 231212s1967 xx 000 0 und d
041 _aeng
082 _a660.283
100 _aKvo B.C.
245 _aAutomatic Control Systems
260 _aDelhi
_bJohn We
_c1967
999 _c958941
_d958941